[Event "BZM-ch U16/18"]
[Site "Osterode"]
[Date "2000.10.28"]
[Round "6"]
[White "Koch, Julian"]
[Black "Franke, Jan"]
[Result "1-0"]
[WhiteElo "1050"]
[BlackElo "1076"]
[PlyCount "59"]
[EventDate "2000.10.??"]
[EventType "swiss"]
[EventRounds "7"]
[EventCountry "GER"]
[SourceTitle "EXT 2003"]
[Source "ChessBase"]
[SourceDate "2002.11.25"]
[SourceVersion "1"]
[SourceVersionDate "2002.11.25"]
[SourceQuality "1"]

1. e4 c5 2. Bc4 d6 3. Nc3 Nc6 4. d3 Nf6 5. h3 a6 6. a4 e6 7. Bg5 Be7 8. Nge2 h6 9. Bh4 0-0 10. 0-0 Bd7 11. f4 Ne8 12. Bxe7 Nxe7 13. d4 cxd4 14. Qxd4 Nc6 15. Qe3 Nb4 16. Bb3 Kh8 17. Kh1 Rc8 18. Rad1 Bc6 19. Ng3 g6 20. f5 gxf5 21. exf5 Nd5 22. Qxh6+ Kg8 23. Nh5 Nxc3 24. bxc3 Qh4 25. Rd3 Be4 26. Rg3+ Qxg3 27. Nxg3 Bxc2 28. Bxc2 Rxc3 29. Qg5+ Ng7 30. Nh5 1-0

[Event "BZM-ch U16/18"]
[Site "Osterode"]
[Date "2000.10.27"]
[Round "4"]
[White "Franke, Jan"]
[Black "Markgraf, Stefan"]
[Result "0-1"]
[WhiteElo "1076"]
[BlackElo "1898"]
[PlyCount "60"]
[EventDate "2000.10.??"]
[EventType "swiss"]
[EventRounds "7"]
[EventCountry "GER"]
[SourceTitle "EXT 2003"]
[Source "ChessBase"]
[SourceDate "2002.11.25"]
[SourceVersion "1"]
[SourceVersionDate "2002.11.25"]
[SourceQuality "1"]

1. d4 g6 2. e4 Bg7 3. c3 d6 4. Bd3 Nc6 5. Be3 e5 6. d5 Nce7 7. f3 f5 8. Ne2 Nf6 9. 0-0 f4 10. Bf2 g5 11. Nd2 h5 12. c4 g4 13. Bh4 Ng6 14. Bxf6 Qxf6 15. Qa4+ Bd7 16. Qb3 b6 17. g3 h4 18. Kf2 fxg3+ 19. hxg3 gxf3 20. Nxf3 Bg4 21. Bc2 Rf8 22. Neg1 hxg3+ 23. Ke1 g2 24. Rf2 Bxf3 25. Rxf3 Qh4+ 26. Ke2 Ke7 27. Rxf8 Rxf8 28. Nf3 Nf4+ 29. Kd2 Qf2+ 30. Kc3 Qxf3+ 0-1